Inštitúcie na ochranu klientov bankových služieb v EU diplomová práca

Salvato in:
Dettagli Bibliografici
Autore principale: Hliva, Miroslav
Ente Autore: Národohospodárska fakulta EU. Katedra bankovníctva a medzinárodných financií
Altri autori: Klimiková, Mária
Natura: Libro
Lingua:slovacco
Pubblicazione: Bratislava 2014
Tags: Aggiungi Tag
Nessun Tag, puoi essere il primo ad aggiungerne!!

MARC

LEADER 00000nbm a2200000 4500
001 0187515
005 20170201090044.0
041 0 |a slo 
044 |a SK 
245 1 0 |a Inštitúcie na ochranu klientov bankových služieb v EU  |b diplomová práca  |c Miroslav Hliva ; školiteľ: Mária Klimiková 
264 1 |a Bratislava  |c 2014 
300 |a 56 s. 
100 1 |a Hliva, Miroslav 
700 1 |a Klimiková, Mária 
710 2 |a Národohospodárska fakulta EU. Katedra bankovníctva a medzinárodných financií